00337nam a2200133Ia 4500008004100000041000800041082001500049100001900064245004500083250001400128260002900142300002100171365001100192240624s9999 xx 000 0 und d aeng a657.42 KIS aKISHORE RAVI M aSTUDENTS WORKBOOK ON COST ACCOUNTING AND a(4th ed.) c2007aNew DelhibTaxmann ai-26, , 909 : p. cRSb20